000 00295nam a22001337a 4500
008 180806b xxu||||| |||| 00| 0 eng d
082 _a813.52
245 _aPhysical Examination
_cBickley,L.S
260 _c2005
300 _a1
_fCD
440 _x0781760909
760 _b4th
942 _2ddc
_cMX
999 _c46803
_d46803